[Event "Tradewise Gibraltar Chess Festival 2013"]
[Site "Gibraltar ENG"]
[Date "2013.01.29"]
[Round "8.100"]
[White "Boesch, Heinz"]
[Black "Zanetti, Bruno"]
[Result "1-0"]
[WhiteElo "1904"]
[BlackElo "2030"]
[PlyCount "63"]
[EventDate "2013.01.22"]
[EventType "swiss"]
[EventRounds "10"]
[EventCountry "ENG"]
[Source "lmi"]
[SourceDate "2013.01.22"]

1. c4 f5 2. g3 e5 3. Bg2 Nf6 4. Nc3 Nc6 5. d3 Bc5 6. e3 O-O 7. Nge2 d6 8. O-O
Qe8 9. Nd5 Nxd5 10. cxd5 Ne7 11. d4 Bb6 12. a4 a5 13. dxe5 dxe5 14. b3 Ng6 15.
Ba3 Rf7 16. Rc1 f4 17. exf4 exf4 18. Nd4 fxg3 19. hxg3 Qe5 20. Bc5 Bxc5 21.
Rxc5 h5 22. Re1 Qd6 23. Re8+ Nf8 24. Qc2 h4 25. gxh4 Qf4 26. Ne6 Bxe6 27. Rxa8
Bg4 28. Rc4 Qf5 29. Qxf5 Bxf5 30. d6 c6 31. Rxa5 Be6 32. Rb4 1-0

[Event "Tradewise Gibraltar Chess Festival 2013"]
[Site "Gibraltar ENG"]
[Date "2013.01.29"]
[Round "8.101"]
[White "Grigoryan, Meri"]
[Black "Guerrero Romero, Antonio"]
[Result "1-0"]
[WhiteElo "2025"]
[BlackElo "1862"]
[PlyCount "76"]
[EventDate "2013.01.22"]
[EventType "swiss"]
[EventRounds "10"]
[EventCountry "ENG"]
[Source "lmi"]
[SourceDate "2013.01.22"]

1. d4 d5 2. Nf3 e6 3. Bf4 Nf6 4. c3 Be7 5. Nbd2 O-O 6. e3 Nbd7 7. Bd3 Re8 8.
Ne5 c6 9. Rc1 a6 10. Ndf3 g6 11. h4 Nxe5 12. Nxe5 Nd7 13. h5 g5 14. Bxh7+ Kf8
15. Nxd7+ Bxd7 16. Be5 Bf6 17. h6 Bxe5 18. dxe5 Qc7 19. f4 Qb6 20. Qd2 gxf4 21.
exf4 Ke7 22. Qf2 Qxf2+ 23. Kxf2 Rh8 24. Bd3 b5 25. h7 c5 26. g4 c4 27. Bb1 a5
28. g5 b4 29. Rcg1 bxc3 30. bxc3 d4 31. g6 fxg6 32. Rxg6 Raf8 33. Rg7+ Kd8 34.
cxd4 Rxf4+ 35. Ke3 Rff8 36. Rhg1 Be8 37. Rg8 Ke7 38. Rxh8 Rxh8 1-0

[Event "Tradewise Gibraltar Chess Festival 2013"]
[Site "Gibraltar ENG"]
[Date "2013.01.29"]
[Round "8.102"]
[White "Bryn, Askild"]
[Black "Chidi, Lovinia Sylvia"]
[Result "1-0"]
[WhiteElo "2019"]
[BlackElo "1820"]
[PlyCount "35"]
[EventDate "2013.01.22"]
[EventType "swiss"]
[EventRounds "10"]
[EventCountry "ENG"]
[Source "lmi"]
[SourceDate "2013.01.22"]

1. e4 c5 2. Nc3 d6 3. f4 Nc6 4. Bc4 e6 5. Nf3 g6 6. O-O Bg7 7. f5 exf5 8. d3
Be6 9. exf5 Bxc4 10. dxc4 Nge7 11. fxg6 hxg6 12. Nb5 Nf5 13. Qe1+ Ne5 14. g4
Nh4 15. Nxe5 Bxe5 16. Bf4 f6 17. Rd1 Qe7 18. Nxd6+ 1-0

[Event "Tradewise Gibraltar Chess Festival 2013"]
[Site "Gibraltar ENG"]
[Date "2013.01.29"]
[Round "8.103"]
[White "Reid, Vaness"]
[Black "Ungureanu, Sandu"]
[Result "0-1"]
[WhiteElo "1844"]
[BlackElo "2019"]
[PlyCount "94"]
[EventDate "2013.01.22"]
[EventType "swiss"]
[EventRounds "10"]
[EventCountry "ENG"]
[Source "lmi"]
[SourceDate "2013.01.22"]

1. d4 Nf6 2. c4 g6 3. Nc3 Bg7 4. e4 d6 5. f3 O-O 6. Bd3 e5 7. d5 Nh5 8. Nge2 f5
9. Be3 f4 10. Bf2 b6 11. Qd2 a5 12. a4 Na6 13. Nb5 g5 14. Nec3 Kh8 15. Be2 Bf6
16. g4 Ng7 17. O-O-O Kg8 18. h4 h6 19. hxg5 Bxg5 20. Rdg1 Kf7 21. Qe1 Bd7 22.
Na3 Rh8 23. Kb1 Qe7 24. Qd1 Rh7 25. Nc2 Rah8 26. Ne1 h5 27. gxh5 Rxh5 28. Nd3
Rh2 29. Rxh2 Rxh2 30. Rh1 Rxh1 31. Qxh1 Kg8 32. Qg1 Qd8 33. Be1 Bh4 34. Bd2 Qg5
35. Qxg5 Bxg5 36. Bf1 Nh5 37. Nb5 Ng3 38. Bg2 Bd8 39. Be1 Kf7 40. b3 Kg6 41.
Nc3 Kh5 42. Kc1 Kh4 43. Nf2 Kh5 44. Bh3 Bxh3 45. Nxh3 Kh4 46. Nf2 Nf1 47. Ncd1
Nh2 0-1

[Event "Tradewise Gibraltar Chess Festival 2013"]
[Site "Gibraltar ENG"]
[Date "2013.01.29"]
[Round "8.104"]
[White "Samu, Sorin-Mihai"]
[Black "Ramdewar, Ishan"]
[Result "1-0"]
[WhiteElo "2095"]
[BlackElo "1658"]
[PlyCount "63"]
[EventDate "2013.01.22"]
[EventType "swiss"]
[EventRounds "10"]
[EventCountry "ENG"]
[Source "lmi"]
[SourceDate "2013.01.22"]

1. e4 e5 2. f4 d5 3. exd5 exf4 4. Bb5+ c6 5. dxc6 Nxc6 6. Nf3 Bd6 7. d4 Nf6 8.
O-O O-O 9. c3 Bg4 10. Nbd2 Nd5 11. Ne4 Ne3 12. Bxe3 fxe3 13. Nxd6 Qxd6 14. Be2
Rae8 15. Qd3 f5 16. Rae1 Rf6 17. Bd1 Rh6 18. Rxe3 Bxf3 19. Rxe8+ Kf7 20. Qxf5+
Kxe8 21. Qc8+ Ke7 22. Qxb7+ Kd8 23. Bxf3 Qxh2+ 24. Kf2 Qh4+ 25. Ke2 Re6+ 26.
Kd1 Nxd4 27. Qd5+ Ke7 28. cxd4 Rd6 29. Qe5+ Kd7 30. Qxg7+ Kd8 31. Bd5 Qh5+ 32.
g4 1-0

[Event "Tradewise Gibraltar Chess Festival 2013"]
[Site "Gibraltar ENG"]
[Date "2013.01.29"]
[Round "8.105"]
[White "Henrichsen, Jens"]
[Black "Havik, Victor"]
[Result "0-1"]
[WhiteElo "1957"]
[BlackElo "2094"]
[PlyCount "112"]
[EventDate "2013.01.22"]
[EventType "swiss"]
[EventRounds "10"]
[EventCountry "ENG"]
[Source "lmi"]
[SourceDate "2013.01.22"]

1. d4 Nf6 2. Nf3 e6 3. c4 c5 4. d5 d6 5. Nc3 exd5 6. cxd5 g6 7. h3 Qe7 8. Bf4
a6 9. a4 Bg7 10. e3 O-O 11. Be2 h6 12. Nd2 Nbd7 13. Nc4 Ne8 14. a5 g5 15. Bg3
Rb8 16. h4 Ne5 17. Nb6 Bf5 18. hxg5 hxg5 19. e4 Bg6 20. Ra4 Nf6 21. Bxe5 Qxe5
22. Nc4 Qe7 23. f3 Nd7 24. Ne3 b5 25. axb6 Rxb6 26. Nc4 Rxb2 27. Qc1 Rb3 28.
Nd1 Ra8 29. Na5 Rb6 30. Nc6 Qf6 31. Ne3 Ne5 32. Nxe5 Qxe5 33. Kf2 Qe7 34. Rd1
Bd4 35. Kf1 Qf6 36. Ng4 Qh8 37. Nf2 Qf6 38. Raxd4 cxd4 39. Ng4 Qf4 40. Qc7 Rb2
41. e5 d3 42. Bxd3 Bxd3+ 43. Rxd3 Rb1+ 44. Kf2 Rab8 45. Rc3 R8b2+ 46. Rc2 Kg7
47. Ne3 Qxe5 48. Qc8 Rxc2+ 49. Nxc2 Rb2 50. Kg1 Qxd5 51. Qc3+ Qe5 52. Nd4 Rb1+
53. Kf2 Qc5 54. Qe3 Rb4 55. Nf5+ Qxf5 56. Qc3+ Qe5 0-1

[Event "Tradewise Gibraltar Chess Festival 2013"]
[Site "Gibraltar ENG"]
[Date "2013.01.29"]
[Round "8.106"]
[White "George, Lolomari Erekosima"]
[Black "Reuben, Stewart"]
[Result "0-1"]
[WhiteElo "1869"]
[BlackElo "2054"]
[PlyCount "84"]
[EventDate "2013.01.22"]
[EventType "swiss"]
[EventRounds "10"]
[EventCountry "ENG"]
[Source "lmi"]
[SourceDate "2013.01.22"]

1. d4 Nf6 2. c4 e6 3. g3 c5 4. d5 exd5 5. cxd5 d6 6. Nf3 g6 7. Nc3 Bg7 8. Bg2
O-O 9. O-O Re8 10. Nd2 b6 11. Re1 Ba6 12. a4 Re7 13. Bf1 Qd7 14. e4 Bxf1 15.
Nxf1 Na6 16. f3 Nb4 17. Ne3 a6 18. Nc4 Rb8 19. Bf4 Ne8 20. e5 b5 21. axb5 axb5
22. Nxd6 Nxd6 23. exd6 Rxe1+ 24. Qxe1 Bd4+ 25. Kh1 Re8 26. Qf1 Bxc3 27. bxc3
Nxd5 28. Bd2 Qxd6 29. Qxb5 Nc7 30. Qb7 Qxd2 31. Qxc7 Qxc3 32. Rf1 Qd3 33. Kg1
Qd4+ 34. Kh1 Re2 35. Qb6 Qd2 36. Qb8+ Kg7 37. g4 c4 38. Qg3 c3 39. Qg1 c2 40.
Ra1 Re3 41. Qc1 Rd3 42. Qb2+ Kh6 0-1

[Event "Tradewise Gibraltar Chess Festival 2013"]
[Site "Gibraltar ENG"]
[Date "2013.01.29"]
[Round "8.107"]
[White "Sevillano Leal, Julio"]
[Black "Christiansmeier, Sven"]
[Result "0-1"]
[WhiteElo "1807"]
[BlackElo "2051"]
[PlyCount "52"]
[EventDate "2013.01.22"]
[EventType "swiss"]
[EventRounds "10"]
[EventCountry "ENG"]
[Source "lmi"]
[SourceDate "2013.01.22"]

1. d4 d5 2. c4 dxc4 3. Nf3 Nf6 4. e3 e6 5. Bxc4 c5 6. O-O a6 7. Bb3 b5 8. Nc3
Bb7 9. e4 c4 10. Bc2 Be7 11. a3 Nbd7 12. Qe2 Qc7 13. e5 Nd5 14. Ne4 Nf8 15. Bg5
Ng6 16. Bxe7 Kxe7 17. Nd6 Ndf4 18. Qe3 Bd5 19. h4 Qc6 20. Ne1 Bxg2 21. f3 Bxf1
22. Kxf1 h6 23. Be4 Nd5 24. Ng2 Nxe3+ 25. Nxe3 Qb6 26. Bxa8 Rxa8 0-1

[Event "Tradewise Gibraltar Chess Festival 2013"]
[Site "Gibraltar ENG"]
[Date "2013.01.29"]
[Round "8.108"]
[White "Whatley, Stephen A J"]
[Black "Tuchtfeld, Juergen"]
[Result "0-1"]
[WhiteElo "1717"]
[BlackElo "2051"]
[PlyCount "106"]
[EventDate "2013.01.22"]
[EventType "swiss"]
[EventRounds "10"]
[EventCountry "ENG"]
[Source "lmi"]
[SourceDate "2013.01.22"]

1. e4 c6 2. d4 d5 3. Nc3 dxe4 4. Nxe4 Bf5 5. Ng3 Bg6 6. h4 h6 7. Nf3 Nd7 8. h5
Bh7 9. Bd3 Bxd3 10. Qxd3 e6 11. Bf4 Qa5+ 12. Bd2 Qc7 13. O-O-O Ngf6 14. Ne4 Rd8
15. g3 Nxe4 16. Qxe4 Nf6 17. Qe2 Be7 18. Kb1 O-O 19. g4 Nxg4 20. Rdg1 f5 21.
Qxe6+ Rf7 22. Ne5 Nxe5 23. Bxh6 Ng4 24. Bxg7 Qd6 25. Qxd6 Bxd6 26. h6 Kh7 27.
f3 Ne3 28. d5 Rg8 29. dxc6 bxc6 30. Re1 f4 31. Bd4 Re7 32. Bf6 Re6 33. Bg7 a6
34. Rh5 Rg6 35. Rh2 Bf8 36. Rh5 Bxg7 37. hxg7+ Kxg7 38. Ra5 Ra8 39. Ra4 Ra7 40.
Rh1 Nd5 41. Rc4 Rb7 42. a3 Rb6 43. Rd4 Rg3 44. c4 Nf6 45. c5 Rb3 46. Rxf4 Rg2
47. Ra4 Rbxb2+ 48. Ka1 Ra2+ 49. Kb1 a5 50. Re1 Rgb2+ 51. Kc1 Rc2+ 52. Kd1 Nd5
53. Rg1+ Kf6 0-1

[Event "Tradewise Gibraltar Chess Festival 2013"]
[Site "Gibraltar ENG"]
[Date "2013.01.29"]
[Round "8.109"]
[White "Neumanova, Monika"]
[Black "Baeza Escudero, Javier"]
[Result "0-1"]
[WhiteElo "1701"]
[BlackElo "2009"]
[PlyCount "72"]
[EventDate "2013.01.22"]
[EventType "swiss"]
[EventRounds "10"]
[EventCountry "ENG"]
[Source "lmi"]
[SourceDate "2013.01.22"]

1. d4 d5 2. c4 e6 3. Nc3 Nf6 4. Bg5 Be7 5. e3 O-O 6. Nf3 h6 7. Bh4 b6 8. cxd5
Nxd5 9. Bxe7 Nxe7 10. Be2 Bb7 11. O-O Nd7 12. a3 Ng6 13. Rc1 c5 14. dxc5 Nxc5
15. b4 Ne4 16. Qxd8 Rfxd8 17. Nxe4 Bxe4 18. Rfd1 Bd5 19. Nd4 a5 20. bxa5 bxa5
21. a4 Rdc8 22. Bb5 Ne5 23. f3 Rab8 24. h3 Bc4 25. e4 Bxb5 26. Nxb5 Nc4 27. Rd4
Nb6 28. Nc3 e5 29. Rd6 Nxa4 30. Rd3 Nb2 31. Rd5 a4 32. Na2 Nc4 33. Rd7 Rb2 34.
Nc3 Ne3 35. g4 a3 36. Ra7 Rb3 0-1

[Event "Tradewise Gibraltar Chess Festival 2013"]
[Site "Gibraltar ENG"]
[Date "2013.01.29"]
[Round "8.111"]
[White "Rios Gonzalez, Jose Antonio"]
[Black "Berggren, Klas"]
[Result "1-0"]
[WhiteElo "1990"]
[BlackElo "1523"]
[PlyCount "81"]
[EventDate "2013.01.22"]
[EventType "swiss"]
[EventRounds "10"]
[EventCountry "ENG"]
[Source "lmi"]
[SourceDate "2013.01.22"]

1. d4 d5 2. c4 e6 3. Nf3 Nf6 4. Nc3 Be7 5. Bg5 Nbd7 6. e3 O-O 7. Qc2 b6 8. Rc1
Bb7 9. cxd5 exd5 10. Bd3 h6 11. Bf4 c6 12. h3 Re8 13. O-O Nf8 14. Ne5 N6d7 15.
Nf3 Nf6 16. Ne5 N6d7 17. Qe2 Nxe5 18. dxe5 Bg5 19. Bh2 Bc8 20. f4 Be7 21. Rfd1
Nd7 22. Bb1 Nf8 23. Qd2 b5 24. Kh1 Qb6 25. Ne2 Bb7 26. Nd4 Bc5 27. Qf2 Bc8 28.
Qg3 Bxd4 29. exd4 Ne6 30. Bg1 Bd7 31. Be3 Qd8 32. h4 f6 33. f5 Nf8 34. Bxh6 Re7
35. e6 Be8 36. Bf4 g6 37. Bd6 Rg7 38. e7 Rxe7 39. Bxe7 Qxe7 40. Re1 Qd7 41.
fxg6 1-0

[Event "Tradewise Gibraltar Chess Festival 2013"]
[Site "Gibraltar ENG"]
[Date "2013.01.29"]
[Round "8.113"]
[White "Candano Gonzalez, Alvaro"]
[Black "Georgieva, Emilia"]
[Result "0-1"]
[WhiteElo "1717"]
[BlackElo "1949"]
[PlyCount "80"]
[EventDate "2013.01.22"]
[EventType "swiss"]
[EventRounds "10"]
[EventCountry "ENG"]
[Source "lmi"]
[SourceDate "2013.01.22"]

1. e4 c6 2. d4 d5 3. exd5 cxd5 4. c4 e6 5. Nc3 Nf6 6. Nf3 Nc6 7. cxd5 Nxd5 8.
Bd3 Bd6 9. O-O Nxc3 10. bxc3 Ne7 11. Bg5 h6 12. Bh4 Bd7 13. Re1 g5 14. Bg3 Bxg3
15. fxg3 Qa5 16. Ne5 Qxc3 17. Qh5 Qxd4+ 18. Kh1 Rf8 19. Rac1 Bc6 20. Nxc6 bxc6
21. Rcd1 Qf6 22. Bc4 Ng6 23. Rf1 Qg7 24. Rde1 O-O-O 25. Qf3 Rd6 26. Qa3 Qd4 27.
Qa6+ Kd8 28. Rb1 Ne5 29. Bxe6 Ke7 30. Bc8 Rfd8 31. Rbe1 Kf8 32. Qb7 Qc4 33. Bf5
Rf6 34. Qc7 Rdd6 35. Qxa7 c5 36. Rc1 Rxf5 37. Rfe1 Qd4 38. g4 Nxg4 39. h3 Nf2+
40. Kg1 Nd3+ 0-1

[Event "Tradewise Gibraltar Chess Festival 2013"]
[Site "Gibraltar ENG"]
[Date "2013.01.29"]
[Round "8.114"]
[White "Diaz Montenegro, Ignacio"]
[Black "Wilson, Matthew R"]
[Result "1/2-1/2"]
[WhiteElo "1987"]
[BlackElo "1827"]
[PlyCount "64"]
[EventDate "2013.01.22"]
[EventType "swiss"]
[EventRounds "10"]
[EventCountry "ENG"]
[Source "lmi"]
[SourceDate "2013.01.22"]

1. Nf3 Nf6 2. e3 g6 3. b3 Bg7 4. Bb2 O-O 5. Be2 c5 6. c4 b6 7. O-O Bb7 8. d4
cxd4 9. exd4 d5 10. Ne5 Nbd7 11. f4 Ne4 12. Nd2 f6 13. Nxe4 dxe4 14. Ng4 f5 15.
Ne3 e6 16. Rc1 Qe7 17. Rc2 Rfd8 18. Rd2 Rac8 19. Qc2 Nb8 20. Rfd1 Bh6 21. g3 g5
22. d5 gxf4 23. gxf4 Bxf4 24. Qc3 e5 25. Bf1 Kf7 26. Rg2 Rg8 27. Nxf5 Rxg2+ 28.
Bxg2 Qf6 29. Ng3 e3 30. Nh5 Bxh2+ 31. Kxh2 Qh4+ 32. Kg1 Qf2+ 1/2-1/2

[Event "Tradewise Gibraltar Chess Festival 2013"]
[Site "Gibraltar ENG"]
[Date "2013.01.29"]
[Round "8.115"]
[White "Cebada Benitez, Fernando"]
[Black "Kazmierczak, Ewa"]
[Result "1-0"]
[WhiteElo "1958"]
[BlackElo "1512"]
[PlyCount "55"]
[EventDate "2013.01.22"]
[EventType "swiss"]
[EventRounds "10"]
[EventCountry "ENG"]
[Source "lmi"]
[SourceDate "2013.01.22"]

1. d4 d5 2. c4 dxc4 3. Nf3 Nf6 4. Nc3 a6 5. a4 e6 6. e3 c5 7. Bxc4 Nc6 8. O-O
Be7 9. b3 cxd4 10. exd4 Nd5 11. Ne4 O-O 12. Ne5 Ncb4 13. Ba3 Qb6 14. Qd2 Rd8
15. Rfd1 a5 16. Bxd5 Nxd5 17. Bxe7 Nxe7 18. Qg5 Nd5 19. Qh5 Rf8 20. Ng5 Nf6 21.
Qh4 Qxb3 22. Rd3 Qb2 23. Rf1 h6 24. Ne4 Nh7 25. Rg3 Qe2 26. Qxh6 g6 27. Nxg6
fxg6 28. Qxg6+ 1-0

[Event "Tradewise Gibraltar Chess Festival 2013"]
[Site "Gibraltar ENG"]
[Date "2013.01.29"]
[Round "8.117"]
[White "Dennis, Nigel W"]
[Black "Viana, Eduardo Escudeiro"]
[Result "0-1"]
[WhiteElo "1904"]
[BlackElo "1600"]
[PlyCount "118"]
[EventDate "2013.01.22"]
[EventType "swiss"]
[EventRounds "10"]
[EventCountry "ENG"]
[Source "lmi"]
[SourceDate "2013.01.22"]

1. e4 c5 2. Nf3 d6 3. d4 cxd4 4. Nxd4 Nf6 5. Nc3 a6 6. Be2 e6 7. O-O Be7 8. a4
O-O 9. Be3 e5 10. Nb3 Be6 11. f4 exf4 12. Rxf4 Nbd7 13. Nd5 Bxd5 14. exd5 b6
15. c3 Ne5 16. Qd4 Re8 17. c4 Nfd7 18. Rff1 Bf6 19. Qf4 Ng6 20. Qf2 Qe7 21. Bg4
Qxe3 22. Bxd7 Qxb3 23. Bxe8 Rxe8 24. Rfe1 Rxe1+ 25. Qxe1 Bd4+ 26. Kh1 Be5 27.
a5 b5 28. cxb5 Qxb5 29. Rd1 h6 30. b4 Qc4 31. Qd2 Qh4 32. g3 Bxg3 33. b5 axb5
34. a6 Bf2 35. Qe2 Ne5 36. Kg2 Ba7 37. Rb1 Ng4 38. Kh1 Bf2 39. Qe8+ Kh7 40.
Qe4+ g6 41. Qg2 Bc5 42. h3 Nf2+ 43. Kh2 Qf4+ 44. Qg3 Qd2 45. Qf3 Ne4+ 46. Kh1
Ng5 47. Qg2 Qd3 48. Rf1 Kg7 49. Kh2 b4 50. h4 Nh7 51. Ra1 Qd4 52. Qf1 Qxh4+ 53.
Qh3 Qf4+ 54. Qg3 Qd4 55. Ra4 Nf6 56. Qe1 Nxd5 57. Qa1 Qxa1 58. Rxa1 Ba7 59. Rb1
Kf6 0-1

[Event "Tradewise Gibraltar Chess Festival 2013"]
[Site "Gibraltar ENG"]
[Date "2013.01.29"]
[Round "8.118"]
[White "Tveten, Per"]
[Black "Iglesias Fernandez, Luis"]
[Result "0-1"]
[WhiteElo "1597"]
[BlackElo "1862"]
[PlyCount "172"]
[EventDate "2013.01.22"]
[EventType "swiss"]
[EventRounds "10"]
[EventCountry "ENG"]
[Source "lmi"]
[SourceDate "2013.01.22"]

1. e4 e5 2. Nf3 Nc6 3. Bc4 Bc5 4. d3 Nf6 5. Nc3 d6 6. h3 Be6 7. Nd5 Bxd5 8.
exd5 Na5 9. Bb5+ c6 10. dxc6 Bxf2+ 11. Ke2 bxc6 12. Bxc6+ Nxc6 13. Kxf2 Qb6+
14. Kg3 Nh5+ 15. Kh2 Qf2 16. Rf1 Qg3+ 17. Kg1 O-O 18. Ng5 Qh4 19. Nf3 Qb4 20.
c3 Qb6+ 21. d4 Ng3 22. Rf2 exd4 23. cxd4 Rae8 24. Bf4 Nf5 25. Qd3 Ncxd4 26.
Nxd4 Nxd4 27. Be3 Rxe3 28. Qxe3 Rc8 29. Kh2 d5 30. g3 Ne6 31. Qf3 Ng5 32. Qf5
Rc7 33. Raf1 h6 34. Qxd5 Re7 35. h4 Qe6 36. Qa8+ Re8 37. Qxa7 Qh3+ 38. Kg1
Qxg3+ 39. Kh1 Qxh4+ 40. Rh2 Qe4+ 41. Rg2 Nf3 42. Qf2 Ng5 43. Qf4 Qd5 44. b3 Re2
45. Qg3 Rxa2 46. Kh2 Rxg2+ 47. Qxg2 Qxb3 48. Rf2 Qb8+ 49. Kh1 Qb1+ 50. Kh2 Qe4
51. Qg3 Qg6 52. Qb8+ Kh7 53. Qb3 Qh5+ 54. Kg2 Qg4+ 55. Kf1 Qd7 56. Qc2+ g6 57.
Qb3 Qe6 58. Qd3 Qe5 59. Qc4 Kg7 60. Re2 Qf5+ 61. Rf2 Qb1+ 62. Kg2 Qe4+ 63. Qxe4
Nxe4 64. Ra2 g5 65. Kf3 f5 66. Ra5 Kg6 67. Ra6+ Nf6 68. Re6 h5 69. Re1 g4+ 70.
Kf4 h4 71. Re5 Nh5+ 72. Ke3 Kg5 73. Re8 Nf4 74. Rg8+ Ng6 75. Kf2 h3 76. Rg7 f4
77. Rh7 h2 78. Kg2 g3 79. Rf7 f3+ 80. Kh1 f2 81. Rf3 Kh4 82. Rf4+ Kh5 83. Rf3
Nh4 84. Rxf2 gxf2 85. Kxh2 f1=Q 86. Kg3 Qf3+ 0-1

[Event "Tradewise Gibraltar Chess Festival 2013"]
[Site "Gibraltar ENG"]
[Date "2013.01.29"]
[Round "8.119"]
[White "Piovar, Jaroslav"]
[Black "Kuenitz, Klaus"]
[Result "1-0"]
[WhiteElo "1536"]
[BlackElo "1643"]
[PlyCount "94"]
[EventDate "2013.01.22"]
[EventType "swiss"]
[EventRounds "10"]
[EventCountry "ENG"]
[Source "lmi"]
[SourceDate "2013.01.22"]

1. d4 f5 2. c4 g6 3. Nc3 d6 4. Nf3 Bg7 5. g3 Nc6 6. d5 Na5 7. Qa4+ c6 8. Ng5
Nf6 9. Bg2 O-O 10. Bd2 h6 11. Nf3 c5 12. Nd1 b6 13. Nh4 Bd7 14. Qc2 Qe8 15. Qc1
g5 16. Nf3 Ne4 17. Bxa5 bxa5 18. Nd2 Nxd2 19. Qxd2 Rb8 20. Rb1 f4 21. O-O Bf5
22. Rc1 Rb4 23. e3 e5 24. e4 Bg6 25. Nc3 Qb8 26. Rb1 fxg3 27. fxg3 a4 28. Bh3
Rxf1+ 29. Bxf1 Qf8 30. Qf2 a3 31. Qxf8+ Kxf8 32. b3 Rb7 33. Bd3 Ke7 34. Nb5 a5
35. Nxa3 Be8 36. Nc2 g4 37. Ne3 Bd7 38. Be2 h5 39. Kg2 a4 40. Nd1 axb3 41. axb3
Bh6 42. Ra1 Bd2 43. Ra2 Bb4 44. Nf2 Rb8 45. Nd3 Kf6 46. Ra6 Ke7 47. Ra7 Rf8 1-0

[Event "Tradewise Gibraltar Chess Festival 2013"]
[Site "Gibraltar ENG"]
[Date "2013.01.29"]
[Round "8.121"]
[White "Colompar, Ladislau-Alexandru"]
[Black "Diaz Gallego, Saul"]
[Result "1/2-1/2"]
[WhiteElo "1790"]
[BlackElo "1655"]
[PlyCount "77"]
[EventDate "2013.01.22"]
[EventType "swiss"]
[EventRounds "10"]
[EventCountry "ENG"]
[Source "lmi"]
[SourceDate "2013.01.22"]

1. d4 Nf6 2. e3 d5 3. Bd3 c5 4. b3 cxd4 5. exd4 Nc6 6. Bb2 Qc7 7. a3 e6 8. Nf3
Bd6 9. Qe2 O-O 10. Ne5 Qb6 11. Nf3 Re8 12. O-O Qc7 13. Ne5 Qb6 14. Nxc6 bxc6
15. Nd2 a5 16. Nf3 Ba6 17. Rad1 Ne4 18. Qe3 c5 19. Bxe4 dxe4 20. Ng5 Bxf1 21.
Qxe4 f5 22. Qf3 h6 23. Nxe6 Bxh2+ 24. Kxh2 Qxe6 25. Rxf1 cxd4 26. Kg1 Qe4 27.
Qxe4 Rxe4 28. Rd1 Rd8 29. Kf1 Rc8 30. Rd2 g5 31. f3 Re6 32. Bxd4 a4 33. b4 Rd8
34. c3 Rde8 35. Kf2 Re1 36. c4 Rc1 37. c5 f4 38. Bb2 Rb1 39. b5 1/2-1/2

[Event "Tradewise Gibraltar Chess Festival 2013"]
[Site "Gibraltar ENG"]
[Date "2013.01.30"]
[Round "9.5"]
[White "Adams, Michael"]
[Black "Ehlvest, Jaan"]
[Result "1-0"]
[WhiteElo "2725"]
[BlackElo "2603"]
[PlyCount "39"]
[EventDate "2013.01.22"]
[EventType "swiss"]
[EventRounds "10"]
[EventCountry "ENG"]
[Source "lmi"]
[SourceDate "2013.01.22"]

1. e4 e5 2. Nf3 Nc6 3. Bb5 d6 4. d4 Bd7 5. Nc3 exd4 6. Nxd4 g6 7. O-O Bg7 8.
Bxc6 bxc6 9. Re1 Ne7 10. Bf4 c5 11. Nf3 f6 12. Qd2 O-O 13. Bh6 a5 14. h3 a4 15.
Rad1 Be6 16. Bxg7 Kxg7 17. e5 fxe5 18. Nxe5 Qc8 19. Ng4 Ng8 20. Ne4 1-0

[Event "Tradewise Gibraltar Chess Festival 2013"]
[Site "Gibraltar ENG"]
[Date "2013.01.30"]
[Round "9.7"]
[White "Vazquez Igarza, Renier"]
[Black "Le, Quang Liem"]
[Result "0-1"]
[WhiteElo "2565"]
[BlackElo "2705"]
[PlyCount "192"]
[EventDate "2013.01.22"]
[EventType "swiss"]
[EventRounds "10"]
[EventCountry "ENG"]
[Source "lmi"]
[SourceDate "2013.01.22"]

1. d4 Nf6 2. c4 g6 3. Nc3 d5 4. Bf4 Bg7 5. e3 O-O 6. Rc1 Be6 7. cxd5 Nxd5 8.
Nxd5 Qxd5 9. a3 Nd7 10. Nf3 Rac8 11. Bc4 Qa5+ 12. Qd2 Qxd2+ 13. Kxd2 Bf5 14. b4
Nb6 15. Bb3 c6 16. Ke2 Be4 17. Rc5 a6 18. Rd1 e6 19. Bc2 Bd5 20. Bd3 Na4 21.
Rcc1 Nb2 22. Rd2 Nxd3 23. Kxd3 Bxf3 24. gxf3 Rfd8 25. Ke2 Rd5 26. a4 Rcd8 27.
Rdc2 Bf8 28. Rb1 f6 29. Bg3 R8d7 30. Rc4 Kf7 31. Rc2 Ke8 32. Rb3 Be7 33. Rb1
Rd8 34. Rb3 Rh5 35. Kf1 Rdd5 36. Rc4 Rd7 37. Ke2 Kf7 38. Rc2 Rdd5 39. Rc4 Bd8
40. Rc2 Bb6 41. Rc4 Ke8 42. Rb1 Kd8 43. Kf1 Bc7 44. Ke2 Bb6 45. Rc2 Rd7 46.
Rcb2 Bc7 47. Rc2 Bd6 48. Rc4 Bf8 49. Rb3 Rhd5 50. Rc2 a5 51. bxa5 Rxa5 52. Rc4
Ra6 53. e4 Kc8 54. Bf4 Be7 55. Bd2 Bd8 56. Be3 Bc7 57. h3 Ra5 58. Kf1 Ra6 59.
Ke2 Kb8 60. Rcb4 Ba5 61. Rc4 Ka8 62. Rb1 Bc7 63. Bd2 Bb6 64. Be3 Ba7 65. Rcb4
Ra5 66. f4 f5 67. f3 Bb8 68. Rc4 Rf7 69. Bd2 Ra6 70. h4 Bc7 71. Be3 Kb8 72.
Rcb4 Ba5 73. Rc4 Bd8 74. Bf2 Bc7 75. Be3 Rb6 76. Rxb6 Bxb6 77. Rc1 Rd7 78. Rc4
Bd8 79. Bf2 Rf7 80. Rc1 Bc7 81. Be3 Bd8 82. Rh1 h5 83. Rg1 Rg7 84. Bf2 Kc7 85.
Kd3 Kd7 86. Kc4 Rf7 87. e5 Rg7 88. Rb1 Ke8 89. Be1 b6 90. Rb2 Ra7 91. Kb3 b5
92. a5 Bxa5 93. Bxa5 Rxa5 94. Kb4 Ra4+ 95. Kc5 Kd7 96. Rg2 Kc7 0-1

[Event "Tradewise Gibraltar Chess Festival 2013"]
[Site "Gibraltar ENG"]
[Date "2013.01.30"]
[Round "9.8"]
[White "Fridman, Daniel"]
[Black "Felgaer, Ruben"]
[Result "1/2-1/2"]
[WhiteElo "2667"]
[BlackElo "2557"]
[PlyCount "86"]
[EventDate "2013.01.22"]
[EventType "swiss"]
[EventRounds "10"]
[EventCountry "ENG"]
[Source "lmi"]
[SourceDate "2013.01.22"]

1. d4 d5 2. Nf3 Nf6 3. c4 c6 4. e3 Bg4 5. h3 Bxf3 6. Qxf3 e6 7. Bd3 Bd6 8. Nc3
O-O 9. O-O Nbd7 10. Bd2 Re8 11. Qd1 dxc4 12. Bxc4 Qe7 13. Qc2 e5 14. Rae1 Rad8
15. a3 Bb8 16. Ne2 Nb6 17. Ba2 e4 18. Rc1 Nbd5 19. b4 a6 20. g3 h5 21. Kg2 h4
22. Qd1 Nh7 23. Nf4 Ng5 24. Bc4 Nf3 25. Be2 hxg3 26. fxg3 Bxf4 27. gxf4 Nh4+
28. Kh2 Nf5 29. Qb3 Qh4 30. Rg1 Rd6 31. Bg4 Qh7 32. Bxf5 Qxf5 33. Rg5 Qh7 34.
Rcg1 Rh6 35. R1g3 Rh5 36. Qd1 Rxg5 37. fxg5 Qf5 38. Qg1 g6 39. Qg2 Re6 40. Rg4
Re8 41. Kg1 Qe6 42. Rh4 Kg7 43. Bc1 Qf5 1/2-1/2

[Event "Tradewise Gibraltar Chess Festival 2013"]
[Site "Gibraltar ENG"]
[Date "2013.01.30"]
[Round "9.11"]
[White "Ibarra Jerez, Jose Carlos"]
[Black "Salgado Lopez, Ivan"]
[Result "1/2-1/2"]
[WhiteElo "2538"]
[BlackElo "2606"]
[PlyCount "35"]
[EventDate "2013.01.22"]
[EventType "swiss"]
[EventRounds "10"]
[EventCountry "ENG"]
[Source "lmi"]
[SourceDate "2013.01.22"]

1. e4 e5 2. Nf3 Nc6 3. Bb5 Nf6 4. O-O Nxe4 5. d4 Nd6 6. dxe5 Nxb5 7. a4 Nxe5 8.
Nxe5 Nd6 9. Re1 Be7 10. Bg5 Nf5 11. Bxe7 Nxe7 12. Nxf7 Kxf7 13. Qf3+ Kg6 14.
Qg4+ Kf7 15. Qf3+ Kg6 16. Qg4+ Kf7 17. Qf3+ Kg6 18. Qg4+ 1/2-1/2